| 000 | 00501nmm a2200157Ia 4500 | ||
|---|---|---|---|
| 008 | 251105s9999||||xx |||||||||||||||||und|| | ||
| 020 | _a9788431535681 | ||
| 041 | _aspa | ||
| 100 | _aInfante Lope, Julia | ||
| 245 | 0 | _aTodo sobre la comunidad de propietarios | |
| 264 |
_a[Madrid, España] : _bDe Vecchi, _c[Fecha de publicación no identificada] |
||
| 300 | _a0 páginas | ||
| 650 | _aSelf-help and personal development | ||
| 856 | _uhttps://public.digitaliapublishing.com/a/122421 | ||
| 942 | _cCF | ||
| 999 |
_c81417 _d81417 |
||